<?xml version="1.0" encoding="UTF-8"?>
<collection xmlns="http://www.loc.gov/MARC21/slim">
 <record>
  <leader>01846nam a2200229Ia 4500</leader>
  <controlfield tag="001">TDMU_25113</controlfield>
  <controlfield tag="008">210410s9999    xx            000 0 und d</controlfield>
  <datafield tag="082" ind1=" " ind2=" ">
   <subfield code="a">158.1</subfield>
  </datafield>
  <datafield tag="090" ind1=" " ind2=" ">
   <subfield code="b">D561</subfield>
  </datafield>
  <datafield tag="100" ind1=" " ind2=" ">
   <subfield code="a">Dương, Thị Hoàng Oanh</subfield>
  </datafield>
  <datafield tag="245" ind1=" " ind2="0">
   <subfield code="a">Tư duy biện luận ứng dụng</subfield>
  </datafield>
  <datafield tag="245" ind1=" " ind2="0">
   <subfield code="b">Applied Critical thinking</subfield>
  </datafield>
  <datafield tag="245" ind1=" " ind2="0">
   <subfield code="c">Dương Thị Hoàng Oanh, Nguyễn Xuân Đạt</subfield>
  </datafield>
  <datafield tag="260" ind1=" " ind2=" ">
   <subfield code="a">Tp. Hồ Chí Minh</subfield>
  </datafield>
  <datafield tag="260" ind1=" " ind2=" ">
   <subfield code="b">Đại học Quốc Tp. Hồ Chí Minh</subfield>
  </datafield>
  <datafield tag="260" ind1=" " ind2=" ">
   <subfield code="c">2015</subfield>
  </datafield>
  <datafield tag="300" ind1=" " ind2=" ">
   <subfield code="a">264tr.</subfield>
  </datafield>
  <datafield tag="520" ind1=" " ind2=" ">
   <subfield code="a">Gồm 5 chương. Ch.1: Tổng quan về tư duy biện luận và các kỹ năng thiết yếu sinh viên cần được trang bị trong thời đại toàn cầu hóa; Ch.2: Tư duy biện luận: Định nghĩa, các thành tố và thuộc tính - thuyết đa thông minh; Ch.3: Một số phương pháp rèn luyện nhằm phát triển kỹ năng tư duy biện luận; Ch.4: Tư duy biện luận ứng dụng vào học tập, nghiên cứu, công tác thành công - kỹ năng tiếp nhận đầu vào: nghe và đọc học thuật; Ch.5: Tư duy biện luận ứng dụng vào học tập, nghiên cứu, công tác thành công - kỹ năng sản sinh đầu ra: nói và viết học thuật - hướng đến khả năng tự học và học độc lập suốt đời; DC077; NV Tư duy biện luận ứng dụng</subfield>
  </datafield>
  <datafield tag="650" ind1=" " ind2=" ">
   <subfield code="a">Biện luận</subfield>
   <subfield code="x">Tư duy</subfield>
   <subfield code="x">Ứng dụng; Tư duy</subfield>
   <subfield code="x">Ứng dụng</subfield>
   <subfield code="x">Sinh viên; Tâm lý học ứng dụng</subfield>
  </datafield>
  <datafield tag="700" ind1=" " ind2=" ">
   <subfield code="a">Nguyễn, Xuân Đạt</subfield>
  </datafield>
  <datafield tag="856" ind1=" " ind2=" ">
   <subfield code="u">http://lrc.tdmu.edu.vn/opac/search/detail.asp?aID=2&amp;ID=25113</subfield>
  </datafield>
  <datafield tag="980" ind1=" " ind2=" ">
   <subfield code="a">Trung tâm Học liệu Trường Đại học Thủ Dầu Một</subfield>
  </datafield>
 </record>
</collection>
